| 000 | 00347nam a2200133Ia 4500 | ||
|---|---|---|---|
| 008 | 240624s9999 xx 000 0 und d | ||
| 041 | _aeng | ||
| 082 | _a338.4 BAG | ||
| 100 | _aBAGCHI S K | ||
| 245 | _aPROJECT INFRASTRUCTURE FINANCE | ||
| 260 |
_c2010 _aNew Delhi _bAne Books Pvt. Ltd. |
||
| 300 | _axiv, : 160 : p. : cm. ; 23 | ||
| 365 |
_cRS _b32 |
||
| 999 |
_c16205 _d16205 |
||